|
|
|
|
| LEADER |
01019nam a2200241 a 4500 |
| 001 |
GR-Antirio1086 |
| 008 |
141204s2001 xxu g 000 0 eng d |
| 020 |
|
|
|a 0072129573
|
| 040 |
|
|
|a GrPaTEI
|b gre
|c GR-PaULI
|
| 040 |
|
|
|a GrPaTEI
|b gre
|c GR-PaULI
|
| 082 |
|
0 |
|a 005.2762
|2 22
|
| 100 |
1 |
|
|a Wyke, Allen R.
|
| 245 |
1 |
0 |
|a Perl :
|b a beggineers guide /
|c R. Allen Wyke, Donald Thomas.
|
| 260 |
|
|
|a Berkeley :
|b Osborne/ McGraw-Hill,
|c 2001
|
| 300 |
|
|
|a xxii, 474 σ. :
|b εικ.
|
| 500 |
|
|
|a Περιλαμβάνει ευρετήριο.
|
| 650 |
|
0 |
|a Perl (Γλώσσα προγραμματισμού ηλεκτρονικού υπολογιστή)
|
| 700 |
1 |
|
|a Thomas, Donald E.
|
| 710 |
0 |
|
|a Osborne/ McGraw-Hill
|
| 942 |
|
|
|2 ddc
|
| 952 |
|
|
|0 0
|1 0
|2 ddc
|4 0
|6 005_276200000000000_WYK
|7 0
|9 262905
|a LISK-2
|b LISK-2
|c BSC
|d 2021-01-17
|e 24
|f 0
|g 0.00
|l 0
|o 005.2762 WYK
|p 2430000007775
|r 2021-01-17 00:00:00
|t 1
|w 2021-01-17
|y BK15
|x 20141204 0 ΧΑΣΑΝΗ 1
|x GrPaTEI - Antirrio
|
| 971 |
|
|
|a .b25708855
|b 15-04-20
|c 12-09-16
|
| 999 |
|
|
|c 151426
|d 151426
|